Statistics for Countries Invaded Since 1945

Click here to take the quiz!

General Stats

  • This quiz has been taken 818 times
  • The average score is 42 of 67

Answer Stats

Who Invaded Who GOT Invaded % Correct
United States, United KingdomIraq
93%
United States, Saudi ArabiaIraq
93%
IsraelSyria
91%
IsraelEgypt
91%
France, UK, IsraelEgypt
91%
ArgentinaUnited Kingdom
89%
IraqIran
87%
IsraelJordan
86%
Soviet UnionAfghanistan
86%
United States, United KingdomAfghanistan
86%
IsraelLebanon
85%
IsraelLebanon
85%
IndiaPakistan
85%
IsraelLebanon
85%
IndiaPakistan
85%
China, North KoreaSouth Korea
83%
North KoreaSouth Korea
83%
United States, South KoreaNorth Korea
81%
ChinaIndia
81%
PakistanIndia
81%
PakistanIndia
81%
United States, South KoreaNorth Korea
81%
North VietnamKhmer Republic
78%
VietnamCambodia
77%
VietnamCambodia
77%
North VietnamLaos
75%
IraqKuwait
75%
Greece, CyprusTurkey
74%
ChinaVietnam
72%
ChinaVietnam
72%
FranceVietnam
72%
FranceVietnam
72%
VietnamChina
71%
Egypt, Jordan, Iraq, SyriaIsrael
70%
North VietnamSouth Vietnam
70%
North VietnamSouth Vietnam
70%
North VietnamSouth Vietnam
70%
ChinaSouth Vietnam
70%
Egypt, SyriaIsrael
70%
EritreaEthiopia
67%
SomaliaEthiopia
67%
RussiaUkraine
67%
EthiopiaSomalia
66%
Uganda, Rwanda, BurundiDem... Rep... of the Congo
54%
VietnamThailand
53%
TurkeyCyprus
52%
RussiaGeorgia
51%
BiafraNigeria
50%
IndonesiaEast Timor
49%
United StatesCuba
47%
El SalvadorHonduras
45%
Soviet, Bulgaria, Hungary, PolandCzechoslovakia
43%
MoroccoSpain
41%
Soviet UnionHungary
39%
UgandaTanzania
37%
TanzaniaUganda
36%
ChinaTibet
36%
United StatesPanama
35%
United StatesGrenada
32%
United StatesHaiti
20%
IndiaPortugal
18%
IsraelGaza
15%
IsraelGaza
15%
United StatesDominican Republic
13%
IndonesiaNetherlands
11%
NigeriaBiafra
2%
ComorosAnjouan
0%

Score Distribution

Percentile by Number Answered

Percent of People with Each Score

Your Score History

You have not taken this quiz